| 000 | 00523cam a2200217ua 4500 | ||
|---|---|---|---|
| 001 | 8392 | ||
| 005 | 20260515114329.0 | ||
| 008 | 150129n ii |||gr||||Z||||||eng | ||
| 020 | _a9780140123890 | ||
| 040 | _cMAIN | ||
| 041 | _aeng | ||
| 082 | _a823N | ||
| 100 |
_aMarquez, G. G., _eAuthor. |
||
| 245 | 1 |
_aLove in the time of cholera _cBy Gabriel Barcia Marquez |
|
| 250 | _a1st. | ||
| 260 |
_aNew Delhi: _bPenguin, _c1989. |
||
| 300 | _a348p. | ||
| 653 | _aEnglish fiction | ||
| 653 | _aEnglish novels | ||
| 942 | _cBK | ||
| 999 |
_c7495 _d7495 |
||